000 00579nam a2200205 i 4500
001 37960
003 ES-MaACL
005 20231204210840.0
007 t|
008 030224s1978 sp ||||1| spa d
100 1 _aBurguete, Sol.
_932680
245 1 0 _aAmadeo Vives /
_cSol Burguete.
260 _aMadrid :
_bEspasa-Calpe,
_c1978.
300 _a142 p. :
_bil. ;
_c18 cm.
490 1 _aClásicos de la música
600 1 4 _aVives, Amadeo,
_d1871-1932
_9115566
830 0 _aClásicos de la música
_9181484
852 _aES-MaACL
_jA-8641
_bR.97664
999 _c37960
_d37960